Estatísticas para Times do Rio de Janeiro 2023

Clique aqui para jogar o quiz

Estatísticas Gerais

  • Esse quiz foi jogado 47 vezes
  • A pontuação média é 29 de 65

Estatísticas das Respostas

CidadeDivisãoEm 2022Time% Correto
Rio de JaneiroA14° A1Botafogo
98%
Rio de JaneiroA12° A1Flamengo
98%
Rio de JaneiroA11° A1Fluminense
98%
Rio de JaneiroA13° A1Vasco da Gama
98%
Nova IguaçuA16° A1Nova Iguaçu
93%
Rio de JaneiroA111° A1Bangu
90%
MacaéA2 | B16° A2Macaé
90%
Rio de JaneiroA27° A2America
85%
Volta RedondaA112° A1 | 1° A2Volta Redonda
85%
Duque de CaxiasB14° B1Duque de Caxias
83%
ResendeC13° CEC Resende
83%
ResendeA1 | A25° A1Resende
83%
Rio de JaneiroA19° A1Madureira
78%
SaquaremaA110° A1Boavista
73%
Campos dos GoytacazB12° B2Goytacaz
73%
Angra dos ReisB212° A2 | 12° B1Angra dos Reis
70%
Nova FriburgoA2 | B18° A2Friburguense
70%
Cabo FrioA29° A2Cabofriense
68%
MesquitaCNão participouMesquita
68%
Campos dos GoytacazesA25° A2Americano
65%
MaricáA211° A2Maricá
65%
Rio de JaneiroA17° A1Portuguesa
65%
Rio de JaneiroA22° A2Olaria
63%
São GonçaloB16° B1São Gonçalo
63%
Belford RoxoB21° C | 4° B2Belford Roxo
60%
ParatyC6° CParaty
60%
AraruamaA21° B1Araruama
58%
Angra dos ReisA18° A1Audax Rio
58%
Armação dos BúziosB27° B2Búzios
58%
Rio de JaneiroB22° C | 3° B2Rio de Janeiro
58%
Barra MansaB28° B2Barra Mansa
55%
Rio de JaneiroB25° B2Bonsucesso
45%
Campos dos GoytacazesC11° B2Campos
43%
Rio de JaneiroC | B2Não participouSão Cristóvão
43%
São GonçaloA24° A2Gonçalense
40%
CarapebusB26° B2Carapebus
38%
SaquaremaA23° A2Sampaio Corrêa
33%
Paraíba do SulCNão participouParaíba do Sul
28%
Duque de CaxiasC12° B2Tigres do Brasil
28%
Rio de JaneiroB211° B1Campo Grande
25%
ResendeB12° B1Pérolas Negras
25%
PetrópolisB13° B1Serrano
25%
Santo Antônio de PáduaB15° B1Paduano
23%
NilópolisB19° B1Nova Cidade
20%
Rio de JaneiroB11° B2Barra da Tijuca
18%
MacaéB17° B1Serra Macaense
18%
Nova IguaçuA210° A2Artsul
15%
MagéB29° B2Mageense
13%
Rio de JaneiroC11° CBarcelona
10%
Rio de JaneiroB18° B17 de Abril
8%
Belford RoxoCNão participouHeliópolis
8%
Rio de JaneiroC10° CJuventus
8%
Rio de JaneiroB210° B1Rio São Paulo
8%
Rio das OstrasCNão participouRiostrense
8%
Rio de JaneiroC | B2EstreanteZinzane
8%
Duque de CaxiasCNão participouDuquecaxiense
5%
ItaboraíCNão participuItaboraí Profute
5%
Rio de JaneiroC5° CUni Souza
5%
São GonçaloC4° CAtlético Carioca
3%
São GonçaloCNão participouBela Vista
3%
Rio de JaneiroC12° CBrasileirinho
3%
Rio de JaneiroC7° CCAAC Brasil
3%
ItaperunaCNão participouSão José
3%
Rio de JaneiroCNão participouUnião Central
3%
PetrópolisC9° CVera Cruz
3%

Distribuição das Pontuações

Percentil de Números Respondidos

Porcentagem de Pessoas com Cada Pontuação

Sua Pontuação Histórica

Você não jogou esse quiz